Southville International School and Colleges
Your cart is empty.
  • Cart
  • Lists
    Public lists Eva Luna New books Lux_list list_1
    Your lists Log in to create your own lists
  • Log in to your account
  • Your cookies
  • Search history
Southville International School and Colleges
  • Advanced search
  • Recent comments
  • Most popular
  • Libraries

Log in to your account

Log in with GOOGLE


If you do not have an external account, but do have a local account, you can still log in:

  1. Home
  2. MARC view: The inn cook book:
Normal view MARC view ISBD view

The inn cook book: (Record no. 362489)

[ view plain ]
MARC details
000 -LEADER
fixed length control field 00499nam a2200145Ia 4500
008 - FIXED-LENGTH DATA ELEMENTS--GENERAL INFORMATION
fixed length control field 191108s9999 xx 000 0 und d
020 ## - INTERNATIONAL STANDARD BOOK NUMBER
International Standard Book Number 1-55521-117-8
100 ## - MAIN ENTRY--PERSONAL NAME
Personal name Kropotkin, Igor
245 ## - TITLE STATEMENT
Statement of responsibility, etc Igor Kropotkin & Marjorie Kropotkin
Title The inn cook book:
Remainder of title Favorite recipes from New England country inns /
260 ## - PUBLICATION, DISTRIBUTION, ETC. (IMPRINT)
Place of publication, distribution, etc United States of America:
Name of publisher, distributor, etc Castle
Date of publication, distribution, etc 1983
300 ## - PHYSICAL DESCRIPTION
Extent 336 pages :
500 ## - GENERAL NOTE
General note Includes index.
650 ## - SUBJECT ADDED ENTRY--TOPICAL TERM
Topical term or geographic name as entry element Cookery, American--New England
650 ## - SUBJECT ADDED ENTRY--TOPICAL TERM
Topical term or geographic name as entry element Hotels, taverns, etc.--
Holdings
Withdrawn status Lost status Source of classification or shelving scheme Damaged status Home library Current library Shelving location Date acquired Source of acquisition Total Checkouts Full call number Barcode Date last seen Price effective from Koha item type
    Library of Congress Classification   Southville International School Affiliated with Foreign Universities Library Southville International School Affiliated with Foreign Universities Library Southville Foreign University Section 11/08/2019 Donation   TX 715 .K899 1983 SFU0233 11/08/2019 11/08/2019 Books

The inn cook book:

APA

Kropotkin I., . (1983). The inn cook book. United States of America: Castle.

Chicago

Kropotkin Igor, . 1983. The inn cook book. United States of America: Castle.

Harvard

Kropotkin I., . (1983). The inn cook book. United States of America: Castle.

MLA

Kropotkin Igor, . The inn cook book. United States of America: Castle. 1983.

  • Place hold
  • Print
  • Cite
  • Add to your cart (remove)
  • Save record
    BIBTEX Dublin Core MARCXML MARC (non-Unicode/MARC-8) MARC (Unicode/UTF-8) MARC (Unicode/UTF-8, Standard) MODS (XML) RIS
  • More searches
    Search for this title in:
    Other Libraries (WorldCat) Other Databases (Google Scholar) Online Stores (Bookfinder.com) Open Library (openlibrary.org)

Exporting to Dublin Core...

SOUTHVILLE LIBRARY

Southville International School and Colleges Library

1281 Tropical Ave. Cor. Luxembourg St., BF Homes International, Las Pinas City

Tel. No. 8256374 / 252358 Loc. 117/146

Powered by Koha